ბათუმის შოთა რუსთაველის სახელმწიფო უნივერსიტეტის ბიბლიოთეკა

Технологический справочник по ковке и обьемной штамповке. (ბიბ.ჩანაწერი № 50787)

000 -LEADER
fixed length control field 00619nam a2200193Ia 4500
001 - CONTROL NUMBER
control field 17739
003 - CONTROL NUMBER IDENTIFIER
control field GE_BSU
008 - FIXED-LENGTH DATA ELEMENTS--GENERAL INFORMATION
fixed length control field 181216s||||||||xx |||||||||||||| ||und||
040 ## - CATALOGING SOURCE
Transcribing agency GE_BSU
080 ## - UNIVERSAL DECIMAL CLASSIFICATION NUMBER
Universal Decimal Classification number 621.73(035.3)
245 ## - TITLE STATEMENT
Title Технологический справочник по ковке и обьемной штамповке.
245 ## - TITLE STATEMENT
Statement of responsibility, etc. Под ред. М.В.Строжева, ред. С.Б.Кирсанова.
260 ## - PUBLICATION, DISTRIBUTION, ETC.
Place of publication, distribution, etc. М.
260 ## - PUBLICATION, DISTRIBUTION, ETC.
Name of publisher, distributor, etc. Машгиз.
260 ## - PUBLICATION, DISTRIBUTION, ETC.
Date of publication, distribution, etc. 1959.
300 ## - PHYSICAL DESCRIPTION
Extent 966 стр. с илл. 23 см.
653 ## - INDEX TERM--UNCONTROLLED
Uncontrolled term Технологический справочник.
942 ## - ADDED ENTRY ELEMENTS (KOHA)
Koha item type წიგნი
ეგზემპლარები
Withdrawn status Lost status Damaged status Not for loan Date acquired Barcode Date last seen Price effective from Koha item type
        2018-12-17 10297 2018-12-17 2018-12-17 წიგნი